[Event "Universiad (Women) 27th"]
[Site "Kazan"]
[Date "2013.07.12"]
[Round "6"]
[White "Leso, Gorata"]
[Black "Mominova, Leyla"]
[Result "0-1"]
[WhiteElo "1665"]
[BlackElo "1919"]
[PlyCount "68"]
[EventDate "2013.07.09"]
[EventType "swiss"]
[EventRounds "9"]
[EventCountry "RUS"]
[SourceTitle "EXT 2014"]
[Source "ChessBase"]
[SourceDate "2013.11.20"]
[SourceVersion "1"]
[SourceVersionDate "2013.11.20"]
[SourceQuality "1"]

1. d4 Nf6 2. c4 g6 3. Nc3 Bg7 4. Nf3 0-0 5. e4 d6 6. Bd3 Nbd7 7. 0-0 e5 8. d5 a5 9. Be3 Ne8 10. Qc2 Nc5 11. Bxc5 dxc5 12. Rfe1 Bg4 13. Be2 Nd6 14. b3 Kh8 15. Nd2 Qg5 16. Bxg4 Qxg4 17. h3 Qh5 18. Qd1 Qh6 19. Nf3 Rae8 20. Qd2 Qxd2 21. Nxd2 f5 22. exf5 gxf5 23. Rad1 Re7 24. Re2 b6 25. Rde1 e4 26. Nd1 Bd4 27. Kh2 Rg7 28. f3 Rfg8 29. fxe4 fxe4 30. g4 h5 31. gxh5 Bg1+ 32. Kh1 Rg3 33. Nf2 Bxf2 34. Rxf2 e3 0-1

[Event "Universiad (Women) 27th"]
[Site "Kazan"]
[Date "2013.07.09"]
[Round "1"]
[White "Rogule, Laura"]
[Black "Mominova, Leyla"]
[Result "1-0"]
[WhiteElo "2329"]
[BlackElo "1919"]
[PlyCount "89"]
[EventDate "2013.07.09"]
[EventType "swiss"]
[EventRounds "9"]
[EventCountry "RUS"]
[SourceTitle "EXT 2014"]
[Source "ChessBase"]
[SourceDate "2013.11.20"]
[SourceVersion "1"]
[SourceVersionDate "2013.11.20"]
[SourceQuality "1"]

1. c4 Nf6 2. Nc3 g6 3. g3 Bg7 4. Bg2 0-0 5. d4 d6 6. Nf3 Nbd7 7. 0-0 c5 8. d5 Nb6 9. Nd2 Ng4 10. Qc2 Ne5 11. b3 a5 12. a4 Bd7 13. h3 f6 14. f4 Nf7 15. Bb2 Qc8 16. Kh2 g5 17. Nce4 h6 18. Rae1 Bf5 19. e3 Nd7 20. Qc3 Bh7 21. Nf2 Kh8 22. Nf3 Rg8 23. Qd2 Qe8 24. h4 gxh4 25. Nxh4 Nd8 26. e4 b6 27. Bh3 Nf7 28. Ng4 Ra7 29. Ne3 Nf8 30. Nef5 Nd7 31. Qe2 Nd8 32. Qf3 Rc7 33. Re2 Ra7 34. Nxg7 Rxg7 35. e5 dxe5 36. Bxd7 e4 37. Bxe8 exf3 38. Rxf3 Nf7 39. Bxf7 Rxf7 40. Re6 Rb7 41. Rfe3 Kg8 42. Rc6 Rb8 43. Ree6 b5 44. cxb5 Bc2 45. Re3 1-0

[Event "Osh zt 3.4 (Women)"]
[Site "Osh"]
[Date "2013.06.12"]
[Round "6"]
[White "Mominova, Leyla"]
[Black "Nakhbayeva, Guliskhan"]
[Result "0-1"]
[WhiteElo "1923"]
[BlackElo "2339"]
[PlyCount "86"]
[EventDate "2013.06.07"]
[EventType "swiss"]
[EventRounds "9"]
[EventCountry "KGZ"]
[SourceTitle "CBM 154 Extra"]
[Source "ChessBase"]
[SourceDate "2013.06.25"]
[SourceVersion "2"]
[SourceVersionDate "2013.06.25"]
[SourceQuality "1"]

1. e4 e6 2. d4 d5 3. Nc3 Nf6 4. Bg5 Be7 5. exd5 exd5 6. Bd3 0-0 7. Nge2 c6 8. 0-0 Bg4 9. h3 Bh5 10. Qd2 Bg6 11. Nf4 Bxd3 12. Nxd3 Nbd7 13. Rfe1 Bd6 14. Bf4 Nb6 15. Bxd6 Qxd6 16. Ne5 a6 17. Rad1 h6 18. Re3 Nfd7 19. Rg3 Nxe5 20. dxe5 Qxe5 21. Re1 Qf6 22. Rf3 Qh4 23. Rf4 Qg5 24. Qd4 c5 25. Qe5 Qxe5 26. Rxe5 Rae8 27. Rff5 d4 28. Ne4 c4 29. Nc5 f6 30. Re6 Rxe6 31. Nxe6 d3 32. cxd3 cxd3 33. Rf3 d2 34. Rd3 Re8 35. Rxd2 Rxe6 36. f3 Kf7 37. Kf2 f5 38. b3 Kf6 39. Kg3 Rc6 40. h4 Na8 41. Rd7 Nc7 42. Kf4 b5 43. Kg3 Ne6 0-1